El contrato de seguro: comentarios al título VIII, libro II del Código de Comercio
Gardado en:
| Autor Principal: | |
|---|---|
| Formato: | Libro |
| Idioma: | Lingua castelá |
| Publicado: |
Santiago
Legal Publishing
2015
|
| Edición: | 1a. ed |
| Subjects: | |
| Tags: |
Engadir etiqueta
Sen Etiquetas, Sexa o primeiro en etiquetar este rexistro!
|
MARC
| LEADER | 00000cam a2200000 a 4500 | ||
|---|---|---|---|
| 001 | UCE8768 | ||
| 003 | CL-VaPUC | ||
| 008 | 150904e20150000cl |||||||||||||||||spa|d | ||
| 020 | |a 9789563466348 | ||
| 082 | 0 | 4 | |a 346.83086 |b RIO |2 21 |
| 100 | 0 | |a Ríos Ossa, Roberto |e author |9 581480 | |
| 245 | 1 | 3 | |a El contrato de seguro: comentarios al título VIII, libro II del Código de Comercio |
| 250 | |a 1a. ed | ||
| 300 | |a 821 p | ||
| 942 | |c BK | ||
| 945 | |d 20150904 11:50:00 |a dcastane | ||
| 260 | |a Santiago |b Legal Publishing |c 2015 | ||
| 650 | 7 | |a SEGUROS |2 CL-VaPUC |9 581481 | |
| 650 | 0 | |a Derecho y legislación |9 255077 | |
| 650 | 0 | |a Derecho comercial chileno |9 430902 | |
| 650 | 7 | |a RESPONSABILIDAD CIVIL |2 CL-VaPUC |9 581482 | |
| 583 | |a last modification |c 20150904 11:50:00 |k Rodrigo Vera | ||
| 999 | |c 360542 |d 360540 | ||
| 952 | |0 0 |1 0 |3 erb |4 0 |6 346_830860000000000_RIO_2015 |7 0 |8 A |9 470399 |a BIBDER |b BIBDER |i 5195470 |l 1 |m 6 |o 346.83086 RIO 2015 |p 5195470 |q 2025-12-31 |r 2020-03-04 |s 2020-03-04 |w 2019-11-23 |y BK |z Catalogado en:20150904 |k DER | ||
| 952 | |0 0 |1 0 |3 erb |4 0 |6 346_830860000000000_RIO_2015 |7 0 |8 A |9 470400 |a BIBDER |b BIBDER |i 5401909 |l 23 |m 3 |o 346.83086 RIO 2015 |p 5401909 |r 2025-04-01 |s 2025-04-01 |w 2019-11-23 |y BK |z Catalogado en:20170626 |k DER | ||